Statistiques concernant Un dirigeant, un pays d'Afrique

Cliquez ici pour prendre le quiz!

Statistiques générales

  • Ce quiz a été pris 70 fois
  • Le résultat moyen est 11 sur 23

Statistiques - réponses

HintRéponse% Correct
Mouhammar KadhafiLibye
97%
Mohammed VIMaroc
91%
Abdelaziz BouteflikaAlgérie
86%
Ben AliTunisie
77%
Hosni MoubarakÉgypte
70%
Idi Amin DadaOuganda
61%
Paul BiyaCameroun
56%
Patrice LumumbaCongo
53%
Omar BongoGabon
53%
Thomas SankaraBurkina Faso
50%
Paul KagameRwanda
50%
Jacob ZumaAfrique du Sud
48%
Robert MugabeZimbabwe
44%
Jean-Bedel BokassaRépublique centrafricaine
42%
Uhuru KenyattaKenya
38%
Blaise CompaoréBurkina Faso
33%
Abiy AhmedÉthiopie
31%
Teodoro ObiangGuinée équatoriale
28%
Juvénal HabyarimanaRwanda
28%
Kwame NkrumahGhana
25%
Isaias AfwerkiErythrée
19%
Yoweri MuseveniOuganda
16%
Milton OboteOuganda
11%

Distribution des résultats

Percentile par nombre de réponses

% des personnes avec chaque résultat

Votre développement - résultats

Vous n’avez pas pris ce quiz